Wykorzystanie rachunku kosztów w procesie ustalania cen nowych produktów

Gespeichert in:
Bibliographische Detailangaben
1. Verfasser: Surdykowska, Stanislawa
Format: Buch
Sprache:Polnisch
Veröffentlicht: Kraków Akademia ekonomiczna 1982
Schriftenreihe:Zeszyty naukowe nr. 50
Tags: Tag hinzufügen
Keine Tags, Fügen Sie das erste Tag hinzu!

MARC

LEADER 00000nam a2200000 4500
001 c138656
005 20041019155313.7
041 0 |a pol 
044 |a PL 
245 1 0 |a Wykorzystanie rachunku kosztów w procesie ustalania cen nowych produktów  |c Stanislawa Surdykowska 
264 1 |a Kraków  |b Akademia ekonomiczna  |c 1982 
300 |a 154 s. 
490 1 |a Zeszyty naukowe  |v nr. 50 
830 0 |a Zeszyty naukowe  |v nr. 50 
100 1 |a Surdykowska, Stanislawa